000 00513nam a2200181Ia 4500
005 20250508150942.0
008 008 250505s9999 xx 000 0 eng d
037 _aTextual
040 _aFEDL
_beng
_cFEDL
041 _aeng
_2eng
084 _a910.73, BRO
_qFEDL
100 _aBrooks Leonard
_9756861
245 0 _aRegional geography of north America
260 _aLondon, UK
_bUniversity of London Press
_c1945
300 _a178p.
942 _cTEXL
_h910.73, BRO
999 _c1326691
_d1326691